Kabale University Library Catalogue

Institutional design in new democracies : (Record no. 6049)

MARC details
000 -LEADER
fixed length control field 01832cam a2200397 a 4500
003 - CONTROL NUMBER IDENTIFIER
control field OSt
005 - DATE AND TIME OF LATEST TRANSACTION
control field 20260205131303.0
008 - FIXED-LENGTH DATA ELEMENTS--GENERAL INFORMATION
fixed length control field 960209s1996 coua b 001 0 eng
020 ## - INTERNATIONAL STANDARD BOOK NUMBER
International Standard Book Number 0813321085
Qualifying information hardback
020 ## - INTERNATIONAL STANDARD BOOK NUMBER
International Standard Book Number 0813321093
Qualifying information pbk.
020 ## - INTERNATIONAL STANDARD BOOK NUMBER
International Standard Book Number 9780813321097
040 ## - CATALOGING SOURCE
Original cataloging agency KABLIB
Transcribing agency KABLIB
Language of cataloging eng
Description conventions rda
082 00 - DEWEY DECIMAL CLASSIFICATION NUMBER
Classification number 324.6
Edition number 23
Item number INS
245 00 - TITLE STATEMENT
Title Institutional design in new democracies :
Remainder of title Eastern Europe and Latin America /
Statement of responsibility, etc. edited by Arend Lijphart & Carlos H. Waisman.
260 ## - PUBLICATION, DISTRIBUTION, ETC.
Place of publication, distribution, etc. Boulder, Colo. :
Name of publisher, distributor, etc. Westview Press,
Date of publication, distribution, etc. c1996.
300 ## - PHYSICAL DESCRIPTION
Extent xvi, 265 p. :
Other physical details ill. ;
Dimensions 24 cm.
490 1# - SERIES STATEMENT
Series statement Latin America in global perspective
504 ## - BIBLIOGRAPHY, ETC. NOTE
Bibliography, etc. note Includes bibliographical references, index.
650 #0 - SUBJECT ADDED ENTRY--TOPICAL TERM
Topical term or geographic name entry element New democracies
Geographic subdivision Latin America.
9 (RLIN) 15138
650 #0 - SUBJECT ADDED ENTRY--TOPICAL TERM
Topical term or geographic name entry element New democracies
Geographic subdivision Europe, Central.
9 (RLIN) 15317
650 #0 - SUBJECT ADDED ENTRY--TOPICAL TERM
Topical term or geographic name entry element New democracies
Geographic subdivision Europe, Eastern.
9 (RLIN) 15318
650 #0 - SUBJECT ADDED ENTRY--TOPICAL TERM
Topical term or geographic name entry element Comparative government.
9 (RLIN) 10142
651 #0 - SUBJECT ADDED ENTRY--GEOGRAPHIC NAME
Geographic name Latin America
General subdivision Politics and government
Chronological subdivision 1980-
9 (RLIN) 15319
651 #0 - SUBJECT ADDED ENTRY--GEOGRAPHIC NAME
Geographic name Latin America
General subdivision Economic policy.
9 (RLIN) 15143
651 #0 - SUBJECT ADDED ENTRY--GEOGRAPHIC NAME
Geographic name Europe, Central
General subdivision Politics and government
Chronological subdivision 1989-
9 (RLIN) 15320
651 #0 - SUBJECT ADDED ENTRY--GEOGRAPHIC NAME
Geographic name Europe, Central
General subdivision Economic policy.
9 (RLIN) 15321
651 #0 - SUBJECT ADDED ENTRY--GEOGRAPHIC NAME
Geographic name Europe, Eastern
General subdivision Politics and government
Chronological subdivision 1989-
9 (RLIN) 15322
651 #0 - SUBJECT ADDED ENTRY--GEOGRAPHIC NAME
Geographic name Europe, Eastern
General subdivision Economic policy
Chronological subdivision 1989-
9 (RLIN) 15323
700 1# - ADDED ENTRY--PERSONAL NAME
Personal name Lijphart, Arend.
9 (RLIN) 15127
700 1# - ADDED ENTRY--PERSONAL NAME
Personal name Waisman, Carlos H.
Fuller form of name (Carlos Horacio),
Dates associated with a name 1943-
9 (RLIN) 15324
776 08 - ADDITIONAL PHYSICAL FORM ENTRY
Relationship information Online version:
Title Institutional design in new democracies.
Place, publisher, and date of publication Boulder, Colo. : Westview Press, 1996
Record control number (OCoLC)605265350
830 #0 - SERIES ADDED ENTRY--UNIFORM TITLE
Uniform title Latin America in global perspective.
9 (RLIN) 15325
856 42 - ELECTRONIC LOCATION AND ACCESS
Materials specified Contributor biographical information
Uniform Resource Identifier <a href="http://catdir.loc.gov/catdir/enhancements/fy0833/96006133-b.html">http://catdir.loc.gov/catdir/enhancements/fy0833/96006133-b.html</a>
856 42 - ELECTRONIC LOCATION AND ACCESS
Materials specified Publisher description
Uniform Resource Identifier <a href="http://catdir.loc.gov/catdir/enhancements/fy0833/96006133-d.html">http://catdir.loc.gov/catdir/enhancements/fy0833/96006133-d.html</a>
942 ## - ADDED ENTRY ELEMENTS (KOHA)
Source of classification or shelving scheme Dewey Decimal Classification
Koha item type Book
Holdings
Withdrawn status Lost status Source of classification or shelving scheme Damaged status Not for loan Home library Current library Shelving location Date acquired Source of acquisition Total Checkouts Full call number Barcode Date last seen Price effective from Koha item type
    Dewey Decimal Classification     Mukombe Library Mukombe Library Open Access Section 05.02.2026 Donation   324.6 INS 14478 05.02.2026 05.02.2026 Book

Kabale University Library | Kabale University P.O Box 317, Kabale, Uganda
Tel : +256754017033, +256774661503 E-mail : library@kab.ac.ug